कबीर बानी : (Record no. 149865)
[ view plain ]
| 000 -LEADER | |
|---|---|
| fixed length control field | 01470nam a22002417a 4500 |
| 005 - DATE AND TIME OF LATEST TRANSACTION | |
| control field | 20180212105554.0 |
| 010 ## - LCCN (DPL NO) | |
| LC control number | B-664014 |
| 020 ## - INTERNATIONAL STANDARD BOOK NUMBER | |
| International Standard Book Number | 9788126701964 |
| Terms of availability | 200.00 |
| 035 ## - SYSTEM CONTROL NUMBER | |
| System control number | B-664014 |
| 037 ## - SOURCE OF ACQUISITION | |
| Source of stock number/acquisition | पेन्सी बुक्स / PUB |
| 082 ## - DEWEY DECIMAL CLASSIFICATION NUMBER | |
| Classification number | 821.08 |
| 245 ## - TITLE STATEMENT | |
| Title | कबीर बानी : |
| Statement of responsibility, etc | अली सरदार जाफ़री द्वारा अनुदित और संपादित |
| Remainder of title | (एक सौ अट्ठाईस पदों का संकलन) / |
| 246 ## - VARYING FORM OF TITLE | |
| Title proper/short title | Kabir Bani |
| Remainder of title | edited by Ali Sardar Jafari |
| 250 ## - EDITION STATEMENT | |
| Edition statement | तीसरी आव्रन्ति |
| 260 ## - PUBLICATION, DISTRIBUTION, ETC. (IMPRINT) | |
| Place of publication, distribution, etc | नयी दिल्ली |
| Name of publisher, distributor, etc | राजकमल प्रकाशन |
| Date of publication, distribution, etc | 2012 ( पु.मु.) |
| 270 ## - ADDRESS | |
| Address | 1-बी, नेताजी सुभाष मार्ग, |
| City | नई दिल्ली |
| Postal code | 110002 |
| Electronic mail address | info@rajkamalprakashan.com |
| 300 ## - PHYSICAL DESCRIPTION | |
| Extent | 144पृ. |
| Dimensions | 22सेमी(सजिल्द) |
| 500 ## - GENERAL NOTE | |
| General note | ज्ञानपीठ पुरस्कार से सम्मानित कृति । |
| 520 ## - SUMMARY, ETC. | |
| Summary, etc | AW |
| 700 ## - ADDED ENTRY--PERSONAL NAME | |
| Personal name | जाफ़री, अली सरदार |
| 9 (RLIN) | 23763 |
| 942 ## - ADDED ENTRY ELEMENTS (KOHA) | |
| Source of classification or shelving scheme | Dewey Decimal Classification |
| Item type | Hindi Books |
| Classification part | 821.08 |
| Call number suffix | कबीर |
| Withdrawn status | Lost status | Not for loan | Collection code | Home library | Current library | Date acquired | Source of acquisition | Cost, normal purchase price | Full call number | Barcode | Copy number | Cost, replacement price | Koha item type |
|---|---|---|---|---|---|---|---|---|---|---|---|---|---|
| Non-fiction | Ashok Vihar | Ashok Vihar | 12/02/2018 | पेन्सी बुक्स/BL1619/17.02.17/345/09.02.17/03.03.17 | 200.00 | 821.08 कबीर | B-664014 | 1 | 200.00 | Hindi Books |
